000 00858nam a22002057a 4500
010 _a1617CH-EN
020 _a9788176761161
_c495.00
035 _aB-646754-782
035 _aB-664781
037 _aDPL
_bStar/Ven.
082 _aS
100 _aMehta, Anurag
245 _aTell me about the story of India:
_cby Anurag Mehta
_bthe saga of 5000 years retold /
260 _aNew Delhi
_bNita Mehta
_c2013
270 _a3A/3 Asaf Ali Road,
_bNew Delhi
_e110002
300 _a144p.
_c27cm(Hb)
942 _2ddc
_cCH
_mMEH
_hS
999 _c100829
_d100829